000
00277nam a2200121Ia 4500
008
191201s2019 xx 000 0 und d
100
_a
GUPTA,J.B.
245
0
_a
Communication Skills
260
_a
N. delhi
_b
Oxford pub
300
_a
NULL
650
_a
Applied
942
_2
ddc
_c
BK
_0
2
999
_c
482
_d
482